Preschool education programs for Children with Autism/ (Record no. 356076)
[ view plain ]
| 000 -LEADER | |
|---|---|
| fixed length control field | 00341nam a2200109Ia 4500 |
| 008 - FIXED-LENGTH DATA ELEMENTS--GENERAL INFORMATION | |
| fixed length control field | 180305s9999 xx 000 0 und d |
| 020 ## - INTERNATIONAL STANDARD BOOK NUMBER | |
| International Standard Book Number | 890795878 |
| 100 ## - MAIN ENTRY--PERSONAL NAME | |
| Personal name | Harris, Sandra L. |
| 245 ## - TITLE STATEMENT | |
| Statement of responsibility, etc | Sandra L. Harris, Jan S. Handleman |
| Title | Preschool education programs for Children with Autism/ |
| 260 ## - PUBLICATION, DISTRIBUTION, ETC. (IMPRINT) | |
| Place of publication, distribution, etc | USA |
| Name of publisher, distributor, etc | Pro-ed |
| Date of publication, distribution, etc | 1994 |
| 300 ## - PHYSICAL DESCRIPTION | |
| Extent | ix, 252 Pages |
| Withdrawn status | Lost status | Damaged status | Home library | Current library | Shelving location | Date acquired | Source of acquisition | Total Checkouts | Full call number | Barcode | Date last seen | Price effective from | Koha item type |
|---|---|---|---|---|---|---|---|---|---|---|---|---|---|
| College Library | College Library | General Circulation Section | 03/05/2018 | G 440 .H313 1994 | c21309 | 05/15/2018 | 03/05/2018 | Books |